Music Quiz

Random Music Quiz
Score 0/188 Timer 15:00
0 Plays Today
% Correct
You
100%
You
100%
You
100%
You
100%
Can
100%
You
100%
You
100%
You
100%
You
100%
Can
100%
you
100%
You
100%
You
100%
Can
100%
You
100%
Why
99.1%
Can't
99.1%
Sleep
99.1%
Why
99.1%
Can't
99.1%
Eat
99.1%
To
99.1%
To
99.1%
To
99.1%
To
99.1%
To
99.1%
To
99.1%
To
99.1%
Be
98.1%
Happier
98.1%
Baby
98.1%
Me
98.1%
Me
98.1%
Be
98.1%
Happier
98.1%
Baby
98.1%
I
98.1%
I
98.1%
I
98.1%
I
98.1%
I
98.1%
Be
98.1%
Happier
98.1%
Baby
98.1%
Me
98.1%
I
98.1%
I
98.1%
Me
98.1%
I
98.1%
Hold
97.2%
On
97.2%
My
97.2%
Safe
97.2%
My
97.2%
Safe
97.2%
My
97.2%
When
97.2%
I'm
97.2%
Falling
97.2%
My
97.2%
My
97.2%
On
97.2%
When
97.2%
% Correct
I'm
97.2%
Falling
97.2%
My
97.2%
My
97.2%
When
97.2%
Hold
97.2%
On
97.2%
I'm
97.2%
Falling
97.2%
My
97.2%
My
97.2%
Right
96.3%
Here
96.3%
With
96.3%
In
96.3%
Don't
96.3%
You're
96.3%
In
96.3%
Arms
96.3%
Yeah
96.3%
You're
96.3%
In
96.3%
Arms
96.3%
Think
96.3%
Around
96.3%
The
96.3%
Room
96.3%
Back
96.3%
Flashing
96.3%
Lights
96.3%
The
96.3%
Don't
96.3%
The
96.3%
Yeah
96.3%
The
96.3%
Think
96.3%
Around
96.3%
The
96.3%
Room
96.3%
Back
96.3%
Flashing
96.3%
Lights
96.3%
You're
96.3%
With
96.3%
Yeah
96.3%
Think
96.3%
Around
96.3%
The
96.3%
Room
96.3%
Back
96.3%
Flashing
96.3%
Lights
96.3%
Look
95.3%
Eyes
95.3%
Cry
95.3%
Find
95.3%
Way
95.3%
But
95.3%
Nothing
95.3%
Blind
95.3%
View
95.3%
No
95.3%
But
95.3%
% Correct
Way
95.3%
No
95.3%
Find
95.3%
Way
95.3%
But
95.3%
Nothing
95.3%
Blind
95.3%
View
95.3%
No
95.3%
Find
95.3%
Way
95.3%
But
95.3%
Nothing
95.3%
Blind
95.3%
View
95.3%
No
95.3%
Just
94.4%
Have
94.4%
I'll
94.4%
I'll
94.4%
Just
94.4%
I'll
94.4%
There's
93.5%
One
93.5%
Else
93.5%
See
93.5%
There's
93.5%
One
93.5%
One
93.5%
There's
93.5%
One
93.5%
Else
93.5%
See
93.5%
There's
93.5%
One
93.5%
Else
93.5%
See
93.5%
Know
92.5%
People
92.5%
Cheat
92.5%
Each
92.5%
Other
91.6%
Other
91.6%
That
90.7%
Love
90.7%
Love
90.7%
Ain't
89.7%
Us
89.7%
Want
88.8%
like
88.8%
Break
87.9%
Same
87.9%
Same
87.9%
Complete
87.9%
Complete
87.9%
We're
86.9%
We're
86.9%
Feel
86.9%
Feel
86.9%
And
86%
And
86%
And
86%

You're not logged in!

Compare scores with friends on all Sporcle quizzes.
OR
Log In

Sporcle TV

Today on Sporcle TV


Watch our educational content, quiz creation guides, and fun videos on Sporcle TV.

Show Comments

Extras

Created Jul 12, 2019SourceReportNominate
Tags:light

Top Quizzes Today


Score Distribution

Paid Content

Your Account Isn't Verified!

In order to create a playlist on Sporcle, you need to verify the email address you used during registration. Go to your Sporcle Settings to finish the process.

Report this User

Report this user for behavior that violates our Community Guidelines.

Details: